Subdivision capitals closest to Odessa (UA) - Statistics

General Stats
  • This quiz has been taken 21 times
  • The average score is 6 of 20
Answer Stats
Distance (km) Answer % Correct
13 158 Chișinău
79%
2 94 Tiraspol/Tiraspolj
71%
8 144 Herson
64%
5 110 Mikolajiv
64%
4 105 Bender/Tighina
43%
15 161 Comrat
29%
18 178 Orhei
29%
6 124 Anenii Noi
21%
7 135 Basarabeasca
21%
3 104 Căușeni
21%
10 151 Cimișlia
21%
11 151 Dubăsari
21%
16 169 Hîncești
21%
1 83 Ștefan Vodă
21%
19 179 Strășeni
21%
17 172 Taraclia
21%
9 146 Criuleni
14%
14 158 Ialoveni
14%
20 190 Leova
14%
12 156 Cocieri
7%
No matching quizzes found
Score Distribution
Percent of People with Each Score
Percentile by Number Answered
Your Score History
You have not taken this quiz